| 000 | 00723aam a2200289 4500 | ||
|---|---|---|---|
| 005 | 20230613165037.0 | ||
| 008 | 150923b2011 xxu||||| |||| 00| 0 spa d | ||
| 041 | _aESP | ||
| 082 | _a004.67 P665d | ||
| 100 |
_aPipes, Alan _980095 |
||
| 245 | _aDiseño de sitios web | ||
| 260 | _aEspaña | ||
| 260 | _bPrompress | ||
| 260 | _c2011 | ||
| 300 | _a168 páginas | ||
| 650 |
_aPÁGINAS WEB _980096 |
||
| 650 |
_aDISEÑO DE PÁGINAS _980097 |
||
| 650 |
_aCÓDIGO _980098 |
||
| 650 |
_aMAQUETACIÓN _980099 |
||
| 650 |
_aTEXTO Y TIPOGRAFÍA _980100 |
||
| 650 |
_a ESQUEMAS _980101 |
||
| 650 |
_aVALORES AÑADIDOS _980102 |
||
| 650 |
_aHTML _980103 |
||
| 650 |
_aXHTML _980104 |
||
| 650 |
_aCSS _980105 |
||
| 942 | _cBK | ||
| 999 |
_c7229 _d7229 |
||